000 00602nam a2200193 a 4500
001 000035516
005 20200930074412.0
008 111103s2000 sp 000 0 spa d
020 _a8495501503
040 _aDO-SdBNP
_bspa
_cBNPHU
082 _axxxx
_bxxxx
100 1 _aEstefanía, Joaquín
_947332
245 1 0 _aContra el pensamiento único /
_cJoaquín Estefanía.
260 _aEspaña, :
_bSuma de letras,
_c2000.
300 _a474 p. ;
_c18 cm.
490 1 _aPunto de lectura
504 _aIncluye referencias bibliográficas y notas al pie de las páginas
830 0 _aPunto de lectura
_93047
999 _c35007
_d35007